Green Energy Quiz Stats

 Plays Quiz Updated Jul 13, 2016

Also try: Going Green
Challenge
Share
Tweet
Embed
Score 0/40 Timer 03:00
0 Plays Today
Type Country % Correct
HydroelectricUnited States
98.8%
WindUnited States
98.8%
SolarUnited States
98.8%
GeothermalUnited States
98.8%
HydroelectricChina
95.9%
WindChina
94.7%
WindFrance
92.3%
HydroelectricCanada
92.2%
WindGermany
91.9%
SolarGermany
91.9%
HydroelectricRussia
90.8%
WindUnited Kingdom
88.9%
HydroelectricBrazil
87.9%
HydroelectricJapan
87.5%
GeothermalJapan
87.5%
WindSpain
86.3%
SolarSpain
86.3%
GeothermalMexico
86%
SolarJapan
84.2%
WindItaly
81.5%
Type Country % Correct
SolarItaly
81.5%
GeothermalItaly
81.5%
HydroelectricSweden
80.1%
HydroelectricIndia
78.7%
HydroelectricNorway
76.6%
SolarFrance
75%
WindCanada
70.5%
SolarChina
66.4%
WindDenmark
65.2%
SolarCzechia
61.7%
WindPortugal
61.7%
SolarBelgium
58.2%
GeothermalNew Zealand
57.9%
GeothermalIceland
57.4%
SolarSouth Korea
52.3%
GeothermalIndonesia
46.1%
GeothermalPhilippines
25.9%
HydroelectricVenezuela
25%
GeothermalKenya
10.6%
GeothermalEl Salvador
4%

You're not logged in!

Compare scores with friends on all Sporcle quizzes.
Join for Free
OR
Log In

You Might Also Like...

Show Comments

Extras

Top Quizzes Today


Score Distribution

Your Account Isn't Verified!

In order to create a playlist on Sporcle, you need to verify the email address you used during registration. Go to your Sporcle Settings to finish the process.

Report this User

Report this user for behavior that violates our Community Guidelines.

Details: